Представление документа в формате MARC21

Поле Инд. ПП Название Значение
Тип записи a
Библиографический уровень m
001 Контрольный номер ac392463-d9cd-11da-b02a-008048b56a28
005 Дата корректировки 20140703144835.2
008 Кодируемые данные 060502
020 a ISBN 5-94073-097-3
c Цена, тираж 199.00
040 a Служба первич. каталог. НБ ТвГУ
041 a Код языка текста rus
080 a Индекс УДК 512(075.8)
084 a Индекс другой классификации/Индекс ББК В144я73-1
a Индекс другой классификации/Индекс ББК В174я73-1
090 x Авторский знак Ж91
a Полочн. индекс В144
100 1_ a Автор Журавлев Юрий Иванович
245 10 a Заглавие Дискретный анализ. Основы высшей алгебры
b Продолж. заглавия учеб. пособие по курсу основ высш. алгебры
c Ответственность Ю. И. Журавлев, Ю. А. Флеров, М. Н. Вялый
260 0_ a Место издания Москва
b Издательство МЗ Пресс
c Дата издания 2006
300 a Объем 203, [2] с.
b Иллюстрации/ тип воспроизводства ил., табл.
440 a Серия Естественные науки. Математика. Информатика
504 a Библиография Библиогр.: с. 198-199. - Предм. указ.: с. 200-201.
583 a Действие Получение впервые 157 02.05.2006
k Исполнитель действия Дар ООО"Книжный мир"
650 a Основная рубрика Алгебра
x Основная подрубрика Учебники для вузов
650 a Основная рубрика Дискретный анализ
653 a Ключевые слова Алгебра
a Ключевые слова Высшая алгебра
a Ключевые слова Дискретный анализ
a Ключевые слова Группы (мат.)
a Ключевые слова Кольца (мат.)
a Ключевые слова Поля в алгебре
a Ключевые слова Конечные поля
a Ключевые слова Поля Галуа
a Ключевые слова Коды, исправляющие ошибки
700 1_ a Другие авторы Флеров Юрий Арсеньевич
e Роль лиц авт.
700 1_ a Другие авторы Вялый Михаил Николаевич
e Роль лиц авт.
852 t Порядковый номер экземпляра 1
p Инвентарный номер 840877
863 t 00143577
888 a Бесплатные
930 a Новая/Ретро учебники
952 p 157.2006 199.00 1 840877
c Вид литературы К ру
954 a Дата поступления на обработку 20060815
999 a Подразделение 2 Фил3